Statistics for Countries Bordering 'V' and 'Z' Countries

Click here to take the quiz!

General Stats

  • This quiz has been taken 125 times
  • The average score is 15 of 17

Answer Stats

Country % Correct
Colombia
97%
South Africa
97%
Brazil
94%
Mozambique
88%
Guyana
88%
Angola
87%
China
87%
Botswana
87%
Laos
87%
Italy
86%
Cambodia
85%
Namibia
81%
Tanzania
79%
DR Congo
79%
Zambia
78%
Zimbabwe
78%
Malawi
74%

Score Distribution

Percentile by Number Answered

Percent of People with Each Score

Your Score History

You have not taken this quiz